|
|
|
|
| LEADER |
00000nam0a2200000 4500 |
| 001 |
327339 |
| 005 |
20231102003941.0 |
| 035 |
|
|
|a (RuTPU)RU\TPU\book\352999
|
| 090 |
|
|
|a 327339
|
| 100 |
|
|
|a 20170127d1937 km y0rusy50 ca
|
| 101 |
0 |
|
|a rus
|
| 102 |
|
|
|a RU
|
| 105 |
|
|
|a a z 001zy
|
| 200 |
1 |
|
|a Театр французской революции (1789-1799)
|f К. Державин
|
| 210 |
|
|
|a Ленинград
|a Москва
|c Искусство
|d 1937
|
| 215 |
|
|
|a 311 с.
|c ил.
|
| 320 |
|
|
|a Примечания: с. 295-307
|
| 606 |
1 |
|
|a Театр
|2 stltpush
|3 (RuTPU)RU\TPU\subj\58738
|9 76490
|
| 606 |
1 |
|
|a Великая французская революция 1789-1799
|2 stltpush
|3 (RuTPU)RU\TPU\subj\68051
|9 83589
|
| 610 |
1 |
|
|a театральная жизнь
|
| 610 |
1 |
|
|a театральная культура
|
| 610 |
1 |
|
|a театральное искусство
|
| 610 |
1 |
|
|a Франция
|
| 610 |
1 |
|
|a 18 век
|
| 610 |
1 |
|
|a революционное движение
|
| 610 |
1 |
|
|a драматургия
|
| 610 |
1 |
|
|a театральные спектакли
|
| 610 |
1 |
|
|a оформление
|
| 675 |
|
|
|a 792
|v 4
|
| 686 |
|
|
|a Т3(4Фр)5
|2 rubbk
|
| 700 |
|
1 |
|a Державин
|b К.
|g Константин
|
| 801 |
|
1 |
|a RU
|b 63413507
|c 20170127
|
| 801 |
|
2 |
|a RU
|b 63413507
|c 20201002
|g RCR
|
| 942 |
|
|
|c BK
|